| 000 | 00343nam a22001217a 4500 | ||
|---|---|---|---|
| 999 |
_c39082 _d39082 |
||
| 020 | _a9788119139071 | ||
| 100 | _aCoomaraswamy, Ananda K. | ||
| 245 |
_aIntroduction to Indian Art _cBy Ananda K. Coomaraswamy |
||
| 260 |
_aNew Delhi : _bManohar, _c2023. |
||
| 300 | _a104p. | ||
| 700 |
_a Mrs Ananda K. Coomaraswamy _eeditor |
||
| 942 |
_2ddc _cBK |
||